000 00620nam a22002177a 4500
003 OSt
005 20231216094526.0
008 210514b ||||| |||| 00| 0 eng d
020 _a0131480960
040 _cDDC
082 _a515.3 ASM 2005
100 _aAsmar, Nakhle H.
_914234
245 _aPartial Differential Equations with Fourier series and Boundary Value Problems
250 _a2nd ed
260 _aNew Jersey;
_bPearson,
_c2004
300 _ax,690p;
_bill:
_c26cm
504 _aAppendices, Answers & index
650 _aDifferential equation
_916857
650 _aMathematics
_9810
942 _2ddc
_cO_SHELF
999 _c6937
_d6937